000 00566nam a2200229 a 4500
001 nice12345678
003 IN_TiNIC
005 20260116012240.0
008 070912s1986 newa grp 000 0 eng
020 _a0029101905
_c800
082 0 0 _a704.94897
_bFAR
100 _aFaruqi Al, Isma`Il R
245 _aThe Cultural Atlas of Islam
260 _aNew York
_bFree Press
_c1986
300 _a512p
500 _aincludes index and biblioraphy
505 2 _aMaps,Illus,Index
650 _aArt-Islamic
902 _bRHR
942 _cBK
999 _c6232
_d6232